Paroles PLK mamie - Statistiques

Statistiques générales
  • Ce quiz a été pris 183 fois
  • Le résultat moyen est 203 sur 309
Statistiques - réponses
Réponse % Correct
m'a
96%
mamie
96%
Mamie
96%
à
94%
a
94%
Moi
88%
pas
88%
la
87%
ces
86%
le
86%
c'est
85%
elle
85%
Elle
85%
en
85%
En
85%
j'ai
85%
je
85%
parents
85%
que
85%
les
84%
Les
84%
mes
84%
avec
83%
grandi
82%
des
80%
tout
79%
Tout
79%
ne
78%
part
77%
temps
76%
avant
74%
condés
74%
couille
74%
chez
74%
et
74%
personne
74%
parte
73%
guerre
72%
rien
72%
si
72%
Si
72%
mais
71%
questions
71%
au
70%
ils
70%
l'hotel
70%
maison
70%
pose
70%
recupéré
70%
vu
70%
lui
69%
s'arrange
69%
ai
68%
divorce
68%
entendu
68%
j'dors
68%
J'dors
68%
tellement
68%
délicat
67%
du
67%
fait
67%
tu
67%
Tu
67%
viennent
67%
dit
66%
dois
66%
on
66%
grace
65%
haut
64%
Tour
64%
c'que
63%
j'fais
63%
merite
63%
aujourd'hui
62%
Aujourd'hui
62%
jamais
62%
zéniths
62%
d'la
60%
m'cherchent
60%
d'choses
59%
Eiffel
59%
subir
59%
j'lui
58%
papa
57%
cet
56%
comico
56%
c'qu'on
56%
heures
56%
J'pourrai
56%
oublier
56%
3
55%
batards
55%
faire
55%
grace
55%
mat
55%
pars
55%
probleme
55%
sais
55%
sauvée
55%
tot
55%
aussi
54%
nous
54%
qu'à
54%
j't'enverrai
53%
chercher
52%
est
52%
j'vais
52%
venais
52%
bien
51%
fois
51%
Oh,
51%
Oh
51%
oh
51%
rejoint
51%
France
50%
m'chercher
50%
peignoir
50%
six
50%
été
49%
sur
49%
toi
49%
tous
48%
avaient
47%
factures
47%
l'tiekson
47%
raison
47%
ratures
47%
s'était
47%
qu'on
46%
soleil
46%
d'argent
45%
faut
45%
huissiers
45%
pleurer
45%
quand
45%
qui
45%
toujours
45%
d'oseille
44%
j't'ai
44%
caché
43%
cartes
43%
promis
43%
vacances
43%
as
42%
ira
42%
Puis
42%
sauf
42%
demain
41%
eu
41%
s'aide
41%
clins
40%
cru
40%
fini
40%
bleus
39%
ensemble
39%
t'as
39%
d'oeil
38%
hey
38%
partais
38%
survit
38%
lettres
37%
Pendant
37%
perquis
37%
qu'j'allais
37%
rentrer
37%
maintenant
36%
t'réveillent
36%
Ah
35%
Eh
35%
l'oseille
35%
m'faisais
35%
bé-tom
34%
Pourquoi
28%
ouh
25%
étais
22%
Shabz
15%
s'amuser
13%
Aucun quiz correspondant
Distribution des résultats
% des personnes avec chaque résultat
Percentile par nombre de réponses
Votre historique - résultats
Vous n’avez pas pris ce quiz